10 Closest S Countries to Chad - Statistics

General Stats
  • This quiz has been taken 174 times
  • The average score is 7 of 10
Answer Stats
km country miles % Correct
0 Sudan 0
100%
168 South Sudan 104
96%
2102 Somalia 1306
84%
1478 Saudi Arabia 918
74%
2209 Spain 1372
68%
1882 Syria 1170
68%
2448 Slovenia 1521
55%
2157 Serbia 1340
53%
2299 San Marino 1429
47%
1105 São Tomé and Príncipe 686
47%
No matching quizzes found
Score Distribution
Percent of People with Each Score
Percentile by Number Answered
Your Score History
You have not taken this quiz